Statystyki dla JAKIE SMAKI ROZRÓŻNIA CZŁOWIEK?

Kliknij tutaj aby rozwiązać quiz!

Ogólne statystyki

  • Ten quiz został rozwiązany 158 razy
  • Średni wynik to 5 z 5

Statystyki odpowiedzi

Odpowiedź% Poprawnych
SŁODKI
99%
SŁONY
97%
GORZKI
95%
KWAŚNY
93%
OSTRY
75%

Rozkład punktacji

Percentyl według liczby udzielonych odpowiedzi

Procent ludzi z każdym wynikiem

Twoja historia wyników

Nie rozwiązałeś tego quizu